书目信息 |
| 题名: |
盐骚
|
|
| 作者: | 谭竹 著 | |
| 分册: | ||
| 出版信息: | 重庆 重庆出版社 2007.01 |
|
| 页数: | 262页 | |
| 开本: | 23cm | |
| 丛书名: | ||
| 单 册: | ||
| 中图分类: | I247.5 | |
| 科图分类: | ||
| 主题词: | 长篇小说--Chang Pian Xiao Shuo--中国--当代 | |
| 电子资源: | ||
| ISBN: | 978-7-5366-8324-2 | |
| 000 | 00682nam0 2200217 450 | |
| 001 | 007271 | |
| 005 | 20100710163902.54 | |
| 010 | @a978-7-5366-8324-2@dCNY28.00 | |
| 100 | @a20100515d2007 ekmy0chiy0110 ea | |
| 101 | 0 | @achi |
| 102 | @aCN@b500000 | |
| 105 | @ay z 000ay | |
| 200 | 1 | @a盐骚@AYan Sao@f谭竹著 |
| 210 | @a重庆@c重庆出版社@d2007.01 | |
| 215 | @a262页@d23cm | |
| 330 | @a本收是以重庆三峡巫溪的一个古镇为原形而创作的长篇小说。该小说塑造了一系列生动鲜活的人物及讲述了他们的传奇故事。 | |
| 606 | 0 | @a长篇小说@AChang Pian Xiao Shuo@y中国@z当代 |
| 690 | @aI247.5@v4 | |
| 701 | 0 | @a谭竹@ATan Zhu@4著 |
| 801 | 0 | @c20100515 |
| 905 | @dI247.5@eT148-2@f3 | |
| 盐骚/谭竹著.-重庆:重庆出版社,2007.01 |
| 262页;23cm |
| ISBN 978-7-5366-8324-2:CNY28.00 |
| 本收是以重庆三峡巫溪的一个古镇为原形而创作的长篇小说。该小说塑造了一系列生动鲜活的人物及讲述了他们的传奇故事。 |
| ● |
| 相关链接 |
|
|
|
正题名:盐骚
索取号:I247.5/T148-2
 
预约/预借
| 序号 | 登录号 | 条形码 | 馆藏地/架位号 | 状态 | 备注 |
| 1 | 990669 | 209906690 | 社科二线400B/400B社科库 11排4列3层/ [索取号:I247.5/T148-2] | 在馆 | |
| 2 | 990670 | 209906707 | 文学库108/108文学库 36排8列5层/ [索取号:I247.5/T148-2] | 在馆 | |
| 3 | 990671 | 209906716 | 文学库108/108文学库 36排8列5层/ [索取号:I247.5/T148-2] | 在馆 |